000 00575nam a2200241 a 4500
001 nice12345678
003 IN_TiNIC
005 20260116012037.0
008 050524s1930 lona grp 000 0 eng
020 _a
_c100
082 0 0 _a239
_bHEI
100 _aHeim, Karl
245 _aNew Divine Order.
260 _aLondon
_bStudent Christian Movement Press
_c1930
300 _a124p
500 _aincludes index and biblioraphy
505 2 _aBibliography, Index
650 _aApologetics
700 1 _aHeim, Karl
902 _bSRS
942 _cBK
999 _c5404
_d5404